000 01133nam0a22002771 4500
001 v19\rc\1336125
005 20250618071045.0
035 _a(NLR Aleph) 004485624
090 _a4625776
_c4625776
100 _a20060512e18541854|||y0rusy50 ca
101 0 _arus
102 _aRU
105 _ay z |||||
200 1 _aЗаметки о хозяйстве южной части Пензенской губернии в 1854 году
_f[Д. чл. Ив. Сабуров]
210 _aСанкт-Петербург
_cтип. Королева и К°
_d1854
215 _a[2], 19 с.
_d21
300 _aАвт. указан в конце текста
311 _aИз журн. "Тр. В.Э. о-ва", 1854, № 9
488 0 _12001#$aТруды Вольного Экономического общества$v1854, № 9
_tТруды Вольного Экономического общества
700 1 _aСабуров
_bИ.В.
_f1788-1873
_gИван Васильевич
801 0 _aRU
_bNLR
_gpsbo
801 0 _aRU
_bRuMoRGB
_2psbo
801 1 _aRU
_bProSoft-M
_2rusmarc
852 _aNLR
_j18.94.2.402
942 _cBOOK
980 _aNB